[Event "Grande Prairie Trumpeter op"]
[Site "Grande Prairie"]
[Date "2009.02.01"]
[Round "5"]
[White "Robertson, Archie"]
[Black "Zeggelaar, Mike"]
[Result "0-1"]
[WhiteElo "1801"]
[BlackElo "1825"]
[PlyCount "86"]
[EventDate "2009.01.31"]
[EventType "swiss"]
[EventRounds "5"]
[EventCountry "CAN"]
[SourceTitle "EXT 2011"]
[Source "ChessBase"]
[SourceDate "2010.11.26"]
[SourceVersion "1"]
[SourceVersionDate "2010.11.26"]
[SourceQuality "1"]

1. e4 e6 2. d4 d5 3. exd5 exd5 4. Nf3 Bd6 5. Nc3 Ne7 6. Bg5 f6 7. Be3 Nbc6 8. Bd3 a6 9. h3 Be6 10. Qe2 Nb4 11. 0-0-0 0-0 12. a3 Nxd3+ 13. Qxd3 b5 14. g4 b4 15. axb4 Bxb4 16. g5 Bf5 17. Qd2 Be4 18. gxf6 Bxf3 19. fxe7 Qxe7 20. Bg5 Bxc3 21. Bxe7 Bxd2+ 22. Rxd2 Rf7 23. Re1 Re8 24. Rd3 Be4 25. Rde3 Rxf2 26. Bb4 Rxc2+ 27. Kd1 Rxb2 28. Bc5 Rb1+ 29. Kd2 Rxe1 30. Rxe1 Re6 31. Rf1 Rf6 32. Rxf6 gxf6 33. Ke3 Kf7 34. Bb4 Ke6 35. Kf4 Kd7 36. h4 Kc6 37. Be7 f5 38. Bb4 Kb5 39. Bd2 a5 40. Kg5 a4 41. Kh6 a3 42. Kxh7 f4+ 43. Kg7 f3 0-1

[Event "Grande Prairie Trumpeter op"]
[Site "Grande Prairie"]
[Date "2009.02.01"]
[Round "4"]
[White "Sequillion, Aaron"]
[Black "Robertson, Archie"]
[Result "1-0"]
[WhiteElo "1893"]
[BlackElo "1801"]
[PlyCount "73"]
[EventDate "2009.01.31"]
[EventType "swiss"]
[EventRounds "5"]
[EventCountry "CAN"]
[SourceTitle "EXT 2011"]
[Source "ChessBase"]
[SourceDate "2010.11.26"]
[SourceVersion "1"]
[SourceVersionDate "2010.11.26"]
[SourceQuality "1"]

1. e4 d5 2. exd5 Qxd5 3. Nc3 Qd8 4. d4 Nf6 5. Nf3 Bg4 6. Be2 e6 7. h3 Bh5 8. Bg5 Be7 9. Qd2 Nbd7 10. 0-0-0 0-0 11. g4 Bg6 12. Nh4 c5 13. Nxg6 fxg6 14. Bc4 Nd5 15. Bxe7 Qxe7 16. Nxd5 exd5 17. Bxd5+ Kh8 18. Bxb7 Rab8 19. Bc6 Nf6 20. Rhe1 Qc7 21. d5 Ne8 22. Bxe8 Rfxe8 23. Rxe8+ Rxe8 24. d6 Qf7 25. d7 Rd8 26. Kb1 Kg8 27. Qd5 c4 28. Kc1 h5 29. Qxf7+ Kxf7 30. Rd4 Kf6 31. Kd2 Kg5 32. gxh5 gxh5 33. Kc3 Kf5 34. Kxc4 Ke6 35. b4 Rxd7 36. Rxd7 Kxd7 37. Kd5 1-0

[Event "Grande Prairie Trumpeter op"]
[Site "Grande Prairie"]
[Date "2009.01.31"]
[Round "1"]
[White "Stutzman, Larry"]
[Black "Robertson, Archie"]
[Result "0-1"]
[WhiteElo "1642"]
[BlackElo "1801"]
[PlyCount "90"]
[EventDate "2009.01.31"]
[EventType "swiss"]
[EventRounds "5"]
[EventCountry "CAN"]
[SourceTitle "EXT 2011"]
[Source "ChessBase"]
[SourceDate "2010.11.26"]
[SourceVersion "1"]
[SourceVersionDate "2010.11.26"]
[SourceQuality "1"]

1. c4 e5 2. Nc3 Nc6 3. e3 b6 4. g3 Bb7 5. Bg2 Nf6 6. Nge2 Be7 7. 0-0 0-0 8. a3 Na5 9. Nd5 c6 10. Nxe7+ Qxe7 11. d3 c5 12. Bxb7 Nxb7 13. Nc3 Rfd8 14. b3 d5 15. cxd5 Nxd5 16. Qc2 Rd7 17. Rd1 Rad8 18. Ne2 Nf6 19. Bb2 Qe6 20. Kg2 Qf5 21. e4 Qh5 22. h3 Rd6 23. Ng1 Na5 24. Nf3 Nc6 25. Nh4 Nxe4 26. Nf5 Qxf5 27. dxe4 Qh5 28. Rxd6 Rxd6 29. g4 Qg6 30. Qe2 Nd4 31. Bxd4 exd4 32. Rd1 Qe6 33. Rd3 b5 34. f3 h6 35. Qb2 Qd7 36. Qc2 Qc6 37. Qb2 Qb6 38. Kg3 c4 39. bxc4 bxc4 40. Qxb6 axb6 41. Rd1 c3 42. Kf2 d3 43. Ke3 c2 44. Rxd3 Rxd3+ 45. Kxd3 c1Q 0-1

[Event "Southern Alberta op"]
[Site "Calgary"]
[Date "2002.11.16"]
[Round "3"]
[White "Robertson, Archie"]
[Black "Nguyen, Kim"]
[Result "0-1"]
[WhiteElo "1866"]
[BlackElo "1985"]
[PlyCount "84"]
[EventDate "2002.11.16"]
[EventType "swiss"]
[EventRounds "5"]
[EventCountry "CAN"]
[SourceTitle "EXT 2017"]
[Source "ChessBase"]
[SourceDate "2016.10.25"]
[SourceVersion "1"]
[SourceVersionDate "2016.10.25"]
[SourceQuality "1"]

1. d4 Nf6 2. c4 g6 3. Nc3 Bg7 4. e4 d6 5. f4 0-0 6. Nf3 c5 7. Be3 Qa5 8. Qd2 cxd4 9. Nxd4 Nc6 10. Nxc6 bxc6 11. Bd3 Rb8 12. 0-0 Ng4 13. Be2 Nxe3 14. Qxe3 Rxb2 15. Rac1 Bxc3 16. Rxc3 Qxa2 17. Bf3 c5 18. Qd3 Be6 19. f5 Rd2 20. Qe3 Bc8 21. Ra3 Qb2 22. Rxa7 Qd4 23. Qxd4 Rxd4 24. fxg6 hxg6 25. Rxe7 Be6 26. Rd1 Rxd1+ 27. Bxd1 Ra8 28. Be2 Ra2 29. Bf1 Kg7 30. h4 Kf6 31. Rb7 Ke5 32. g4 Kf4 33. h5 gxh5 34. gxh5 Kg5 35. e5 dxe5 36. Rb5 f6 37. Rxc5 Bg4 38. Bd3 Bxh5 39. Rc7 Kf4 40. Bh7 Bg4 41. c5 f5 42. c6 Kg3 0-1

[Event "Alberta op"]
[Site "Calgary"]
[Date "2002.10.16"]
[Round "4"]
[White "Robertson, Archie"]
[Black "Adolph, Joel"]
[Result "1/2-1/2"]
[WhiteElo "1870"]
[BlackElo "1740"]
[PlyCount "53"]
[EventDate "2002.10.15"]
[EventType "swiss"]
[EventRounds "6"]
[EventCountry "CAN"]
[SourceTitle "EXT 2007"]
[Source "ChessBase"]
[SourceDate "2006.11.23"]
[SourceVersion "1"]
[SourceVersionDate "2006.11.23"]
[SourceQuality "1"]

1. d4 Nf6 2. c4 g6 3. Nc3 d5 4. e3 Bg7 5. Nf3 0-0 6. cxd5 Nxd5 7. Bc4 Nxc3 8. bxc3 c5 9. 0-0 Qc7 10. Qb3 Nc6 11. Qc2 cxd4 12. cxd4 e5 13. Ba3 Rd8 14. dxe5 Nxe5 15. Nxe5 Bxe5 16. Rad1 Be6 17. Bb3 Qxc2 18. Bxc2 Bc4 19. Rxd8+ Rxd8 20. Rb1 Bxa2 21. Rxb7 Rd2 22. Ba4 Bd5 23. Rd7 Ra2 24. Rd8+ Kg7 25. Bf8+ Kf6 26. Rxd5 Rxa4 27. Kf1 1/2-1/2

[Event "Alberta op"]
[Site "Calgary"]
[Date "2002.10.14"]
[Round "5"]
[White "Ottosen, David"]
[Black "Robertson, Archie"]
[Result "1-0"]
[WhiteElo "2000"]
[BlackElo "1870"]
[PlyCount "61"]
[EventDate "2002.10.15"]
[EventType "swiss"]
[EventRounds "6"]
[EventCountry "CAN"]
[SourceTitle "EXT 2007"]
[Source "ChessBase"]
[SourceDate "2006.11.23"]
[SourceVersion "1"]
[SourceVersionDate "2006.11.23"]
[SourceQuality "1"]

1. e4 c5 2. Nf3 d6 3. d4 cxd4 4. Nxd4 Nf6 5. Nc3 Nc6 6. Bc4 g6 7. f3 Bg7 8. Be3 0-0 9. Qd2 Bd7 10. 0-0-0 Ne5 11. Bb3 Qa5 12. h4 Rfc8 13. Nde2 b5 14. Bh6 b4 15. Nd5 Nxd5 16. Bxd5 Nc4 17. Bxc4 Rxc4 18. Bxg7 Kxg7 19. Kb1 Rac8 20. Rc1 Be6 21. b3 R4c6 22. Qd4+ f6 23. h5 Qc7 24. Qb2 a5 25. Nd4 Bd7 26. Nxc6 Bxc6 27. hxg6 hxg6 28. Qd4 a4 29. Qc4 Qa5 30. f4 Bd7 31. Rh7+ 1-0